000 00599nam a2200229Ia 4500
003 OSt
005 20221007071809.0
006 a|||||r|||| 00| 0
007 ta
008 221006b |||||||| |||| 00| 0 eng d
024 _a15,531
037 _cTextual
040 _aFLL
_cFLL
_beng
041 _2eng
_aeng
082 _aX62:Z3, G8
100 _aChorley R.S.T. Au.
_9689442
245 0 _aLaw of banking
260 _aLondon
_bIsaac Pitman & Sons London
_c1938
300 _axxi,350p
_ccm.
942 _hX62:Z3, G8
_cTEXL
_2CC
999 _c1144350
_d1144350